书目信息 |
| 题名: |
建筑信息模型施工应用标准
|
|
| 作者: | 中华人民共和国住房和城乡建设部 主编 ;中华人民共和国住房和城乡建设部批准 | |
| 分册: | ||
| 出版信息: | 北京 中国建筑工业出版社 2018.01 |
|
| 页数: | 159页 | |
| 开本: | 20cm | |
| 丛书名: | 中华人民共和国国家标准 | |
| 单 册: | ||
| 中图分类: | TU201.4-65 | |
| 科图分类: | ||
| 主题词: | 建筑设计 | |
| 电子资源: | ||
| ISBN: | ||
| 000 | 01522nam0 2200289 450 | |
| 001 | 2356050734 | |
| 005 | 20230619161606.81 | |
| 010 | @dCNY38.00 | |
| 091 | @a15112·30184 | |
| 100 | @a20190314d2018 km y0chiy0120 ea | |
| 101 | 0 | @achi |
| 102 | @aCN@b110000 | |
| 200 | 1 | @a建筑信息模型施工应用标准@Ajian zhu xin xi mo xing shi gong ying yong biao zhun@eGB/T 51235-2017@f中华人民共和国住房和城乡建设部主编;中华人民共和国住房和城乡建设部批准@Fzhong hua ren min gong he guo zhu fang he cheng xiang jian she bu zhu bian;zhong hua ren min gong he guo zhu fang he cheng xiang jian she bu pi zhun |
| 210 | @a北京@c中国建筑工业出版社@d2018.01 | |
| 215 | @a159页@d20cm | |
| 225 | 2 | @a中华人民共和国国家标准 |
| 300 | @a中华人民共和国住房和城乡建设部,中华人民共和国国家市场监督检验检疫总局联合发布 2017-05-08发布 2018-01-01实施 | |
| 330 | @a 本标准主要内容包括 : 总则 ; 术语 ; 基本规定 ; 施工模型 ; 深化设计 ; 施工模拟 ; 预制加工 ; 进度管理 ; 预算与成本管理 ; 质量与安全管理 ; 施工监理 ; 竣工验收。 | |
| 410 | 0 | @12001 @a中华人民共和国国家标准 |
| 510 | @a= Standard for building information modeling in construction | |
| 517 | @aGB/T 51235-2017 | |
| 606 | 0 | @a建筑设计 |
| 690 | @aTU201.4-65@v4 | |
| 701 | 0 | @a中华人民共和国住房和城乡建设部@AZhong Hua Ren Min Gong He Guo Zhu Fang He Cheng Xiang Jian She Bu@4主编 |
| 702 | 0 | @a中华人民共和国住房和城乡建设部批准@Azhong hua ren min gong he guo zhu fang he cheng xiang jian she bu pi zhun |
| 801 | 0 | @aCN@b河南城建学院图书馆@c20190314 |
| 905 | @dTU201.4-65@eZ9113 | |
| 建筑信息模型施工应用标准:GB/T 51235-2017/中华人民共和国住房和城乡建设部主编;中华人民共和国住房和城乡建设部批准.-北京:中国建筑工业出版社,2018.01 |
| 159页;20cm.-(中华人民共和国国家标准) |
| 中华人民共和国住房和城乡建设部,中华人民共和国国家市场监督检验检疫总局联合发布 2017-05-08发布 2018-01-01实施.-←并列题名:= Standard for building information modeling in construction |
| ISBN :CNY38.00 |
| 本标准主要内容包括 : 总则 ; 术语 ; 基本规定 ; 施工模型 ; 深化设计 ; 施工模拟 ; 预制加工 ; 进度管理 ; 预算与成本管理 ; 质量与安全管理 ; 施工监理 ; 竣工验收。 |
| ● |
| 相关链接 |
|
|
|
正题名:建筑信息模型施工应用标准
索取号:TU201.4-65/Z9113
 
预约/预借
| 序号 | 登录号 | 条形码 | 馆藏地/架位号 | 状态 | 备注 |
| 1 | 1506261 | 215062615 | 土木与交通工程学院资料室/ [索取号:TU201.4-65/Z9113] | 在馆 | |
| 2 | 1506262 | 215062624 | 土木与交通工程学院资料室/ [索取号:TU201.4-65/Z9113] | 在馆 | |
| 3 | 1506263 | 215062633 | 土木与交通工程学院资料室/ [索取号:TU201.4-65/Z9113] | 在馆 | |
| 4 | 1506264 | 215062642 | 土木与交通工程学院资料室/ [索取号:TU201.4-65/Z9113] | 在馆 | |
| 5 | 1506265 | 215062651 | 土木与交通工程学院资料室/ [索取号:TU201.4-65/Z9113] | 在馆 | |
| 6 | 1506266 | 215062660 | 土木与交通工程学院资料室/ [索取号:TU201.4-65/Z9113] | 在馆 | |
| 7 | 1506267 | 215062679 | 土木与交通工程学院资料室/ [索取号:TU201.4-65/Z9113] | 在馆 | |
| 8 | 1506268 | 215062688 | 土木与交通工程学院资料室/ [索取号:TU201.4-65/Z9113] | 在馆 | |
| 9 | 1506269 | 215062697 | 土木与交通工程学院资料室/ [索取号:TU201.4-65/Z9113] | 在馆 | |
| 10 | 1506270 | 215062704 | 土木与交通工程学院资料室/ [索取号:TU201.4-65/Z9113] | 在馆 |